| 000 | 01084cad a22002295a 4500 | ||
|---|---|---|---|
| 001 | L145194 | ||
| 008 | 080915e20080902xxk f lf000 0 eng d | ||
| 035 | _a(Sirsi) u145194 | ||
| 041 | 0 | _aeng | |
| 050 | 0 | 4 | _a711.52 $2 18 |
| 110 | 2 |
_aUnited Kingdom _kLaws, etc. _95044 |
|
| 245 | 0 | 4 |
_aThe Housing and Regeneration Act 2008 (Commencement No. 1 and Transitional Provision) Order 2008 _h[electronic resource] |
| 260 |
_aLondon _bOPSI _c2008 |
||
| 520 | _aProvides legislation for the commencement of certain provisions of Part 1 relating to the Homes and Communities Agency; provisions from Part 2 relating to the regulation of social housing and other miscellaneous provisions. Made 2 September 2008. | ||
| 521 | _aAdvanced | ||
| 590 | _aKA | ||
| 650 | 2 | 4 | _aHOUSING AND REGENERATION ACT 2008 (COMMENCEMENT NO. 1 AND TRANSITIONAL PROVISION) ORDER 2008 |
| 651 | 4 |
_aUnited Kingdom _y |
|
| 690 | _aPROPERTY-PROPERTY MANAGEMENT-REGENERATION | ||
| 856 | 4 | 0 |
_uhttps://www.opsi.gov.uk/si/si2008/uksi_20082358_en_1 _zView the item free of charge online at www.opsi.gov.uk... |
| 942 | _n0 | ||
| 999 |
_c108720 _d108720 |
||